| 000 | 00522nam a2200193Ia 4500 | ||
|---|---|---|---|
| 003 | GCL | ||
| 008 | 140319s9999 xx 000 0 ara d | ||
| 040 |
_aGCL / _cGCL |
||
| 082 | 0 | 4 |
_a301.417 _bف ج |
| 100 | 1 | _aفريشاور، بول | |
| 245 | 1 | 0 |
_aالجنس فى العالم القديم / _cفريشاور، بول |
| 700 | 1 | _aفائق دحدوح | |
| 300 | _a163 ص | ||
| 490 |
_a100 قصة _v0 |
||
| 650 | 0 | 4 | _aالجنس |
| 650 | 0 | 4 | _aالشذوذ الجنسى |
| 650 | 0 | 4 | _aالشهوات |
| 942 |
_2ddc _cBK |
||
| 999 |
_c45545 _d45545 |
||